| 000 | 00576nam a2200205Ia 4500 | ||
|---|---|---|---|
| 005 | 20250508155023.0 | ||
| 008 | 008 250505s9999 xx 000 0 eng d | ||
| 037 | _aTextual | ||
| 040 |
_aFEDL _beng _cFEDL |
||
| 041 |
_aeng _2eng |
||
| 084 |
_a370.6, BUT _qFEDL |
||
| 100 |
_aButman Alexander Ed. _9766582 |
||
| 245 | 0 | _aPaperbacks in the schools | |
| 260 |
_aNew York, USA _bBantam Books _c1963 |
||
| 300 | _a152p | ||
| 650 | _aEducation | ||
| 700 |
_a Reis Donald Ed. Sohn David Ed. _9766583 |
||
| 942 |
_cTEXL _h370.6, BUT |
||
| 999 |
_c1353439 _d1353439 |
||